| 000 | 01140cam a22002535 4500 | ||
|---|---|---|---|
| 001 | L134056 | ||
| 002 | 9339 | ||
| 008 | 060705s2007 xxka f f001 0 eng u | ||
| 020 | _a9781851128235 | ||
| 035 | _a(Sirsi) u134056 | ||
| 041 | 0 | _aeng | |
| 050 | 0 | 4 | _a692.21 $2 18 |
| 110 | 1 |
_aUnited Kingdom _bDepartment for Communities and Local Government _94939 |
|
| 245 | 0 | 0 |
_aFire safety risk assessment _bopen air events and venues |
| 260 |
_aLondon _bDCLG _c2006 |
||
| 300 |
_a120p. _c30cm. |
||
| 350 | _a12 | ||
| 490 | 0 | _aDCLG Fire Safety Risk Assessment | |
| 520 | _aAdvises on how to avoid fires and how to ensure people's safety if a fire does start. Considers how to assess the adequacy of fire precautions for open air events and venues and gives recommendations for the fire safety management of premises. Covers fire risks and preventative measures, fire detection and warning systems, firefighting equipment, escape routes and strategies, emergency escape lighting and signs and notices. | ||
| 590 | _aKA | ||
| 651 | 4 |
_aUnited Kingdom _y |
|
| 690 | _aMANAGEMENT-HEALTH AND SAFETY-FIRE SAFETY-FIRE RISK ASSESSMENT | ||
| 942 | _n0 | ||
| 999 |
_c105531 _d105531 |
||